| 000 | 00738nam a2200217 i 4500 | ||
|---|---|---|---|
| 001 | 30469 | ||
| 003 | ES-MaACL | ||
| 005 | 20251114063100.0 | ||
| 007 | t| | ||
| 008 | 030124s1954 sp ||||1| spa d | ||
| 100 | 0 |
_aWitttelsbach, Constantin, _cPrinz von Bayern _9117197 |
|
| 245 | 1 | 3 |
_aEl papa _b: un retrato de su vida / _cPríncipe Constantino de Baviera ; [traducción del alemán por Manuel Tamayo]. |
| 250 | _a[1ª ed.]. | ||
| 260 |
_aBarcelona : _bDestino, _c[1954] ( _fAgustín Núñez) |
||
| 300 |
_a297 p., 21 lám. ; _c22 cm. |
||
| 490 | 1 | _aSer o no ser | |
| 700 | 1 |
_aTamayo, Manuel, _d1917-1977 _9160966 |
|
| 830 | 0 |
_aSer o no ser _9181425 |
|
| 852 |
_aES-MaACL _jC-9239 _bR.37095 |
||
| 999 |
_c30469 _d30469 |
||